[Event "SLO-chT1 East"]
[Site "Slovenia"]
[Date "2019.09.07"]
[Round "2.1"]
[White "Zorko, Joze"]
[Black "Benko, Bostjan"]
[Result "1-0"]
[WhiteElo "2100"]
[BlackElo "1932"]
[PlyCount "111"]
[EventDate "2019.09.06"]
[EventType "team-tourn"]
[EventRounds "9"]
[EventCountry "SLO"]
[SourceTitle "EXT 2020"]
[Source "ChessBase"]
[SourceDate "2019.10.17"]
[SourceVersion "1"]
[SourceVersionDate "2019.10.17"]
[SourceQuality "1"]
[WhiteTeam "Celjski"]
[BlackTeam "Zagorje ob Savi"]
[WhiteTeamCountry "SLO"]
[BlackTeamCountry "SLO"]

1. e4 e5 2. Nf3 Nc6 3. d4 exd4 4. Nxd4 Bc5 5. Nb3 Bb6 6. Qe2 d6 7. Be3 Nf6 8. Nc3 Be6 9. 0-0-0 Bxe3+ 10. Qxe3 0-0 11. f3 Qe7 12. Nd4 Nxd4 13. Qxd4 Rfd8 14. Bc4 Bxc4 15. Qxc4 c6 16. Rhe1 Qe5 17. g3 Qc5 18. Qxc5 dxc5 19. e5 Ne8 20. Ne4 b6 21. f4 Kf8 22. c3 Rxd1+ 23. Rxd1 Ke7 24. Kc2 f6 25. exf6+ gxf6 26. Kd3 Rd8+ 27. Ke2 Rd5 28. Rd3 Ng7 29. Nf2 h5 30. Nd1 Ke6 31. Ne3 Rxd3 32. Kxd3 b5 33. Ke4 f5+ 34. Kf3 Ne8 35. h3 a5 36. g4 hxg4+ 37. hxg4 fxg4+ 38. Kxg4 Kf6 39. Kf3 Ke6 40. Nf1 a4 41. a3 Nd6 42. Nd2 c4 43. Ne4 Nf5 44. Ng3 c5 45. Nxf5 Kxf5 46. Ke3 b4 47. Kf3 b3 48. Ke3 Kg4 49. Ke4 Kg3 50. f5 Kf2 51. f6 Ke2 52. f7 Kd2 53. f8Q Kc2 54. Qf2+ Kb1 55. Qd2 Ka2 56. Ke3 1-0

[Event "SLO-chT1 East"]
[Site "Slovenia"]
[Date "2017.11.25"]
[Round "8"]
[White "Zorko, Joze"]
[Black "Zupe, Miran"]
[Result "1/2-1/2"]
[WhiteElo "2114"]
[BlackElo "2266"]
[PlyCount "61"]
[EventDate "2017.09.29"]
[EventType "team-tourn"]
[EventRounds "9"]
[EventCountry "SLO"]
[SourceTitle "EXT 2019"]
[Source "ChessBase"]
[SourceDate "2018.10.10"]
[SourceVersion "1"]
[SourceVersionDate "2018.10.10"]
[SourceQuality "1"]
[WhiteTeam "Celjski"]
[BlackTeam "Maribor Branik"]
[WhiteTeamCountry "SLO"]
[BlackTeamCountry "SLO"]

1. e4 e5 2. Nf3 Nf6 3. d4 Nxe4 4. Bd3 d5 5. Nxe5 Nf6 6. 0-0 Be7 7. Bg5 0-0 8. Nd2 h6 9. Bh4 Nc6 10. Nxc6 bxc6 11. c3 Nd7 12. Bxe7 Qxe7 13. b4 a5 14. a3 Ba6 15. Re1 Qd6 16. Bxa6 Rxa6 17. Nb3 axb4 18. axb4 Raa8 19. Qd3 Nb6 20. Na5 Rab8 21. Qg3 Qd7 22. Re3 Rfe8 23. Rae1 Rxe3 24. Qxe3 Kf8 25. Nb3 Re8 26. Nc5 Qd8 27. Qxe8+ Qxe8 28. Rxe8+ Kxe8 29. Kf1 Nc4 30. Ke2 Ke7 31. Kd3 1/2-1/2

[Event "SLO-chT1 East"]
[Site "Slovenia"]
[Date "2017.11.12"]
[Round "6"]
[White "Ivanec, Dezider"]
[Black "Zorko, Joze"]
[Result "1-0"]
[WhiteElo "2072"]
[BlackElo "2114"]
[PlyCount "51"]
[EventDate "2017.09.29"]
[EventType "team-tourn"]
[EventRounds "9"]
[EventCountry "SLO"]
[SourceTitle "EXT 2019"]
[Source "ChessBase"]
[SourceDate "2018.10.10"]
[SourceVersion "1"]
[SourceVersionDate "2018.10.10"]
[SourceQuality "1"]
[WhiteTeam "Lendava Rokada"]
[BlackTeam "Celjski"]
[WhiteTeamCountry "SLO"]
[BlackTeamCountry "SLO"]

1. d4 d5 2. Nf3 Nf6 3. Bf4 e6 4. e3 c5 5. c3 Nc6 6. Nbd2 Bd6 7. Bg3 0-0 8. Bd3 b6 9. Ne5 Bb7 10. 0-0 Qc7 11. f4 Ne7 12. Bh4 Ne4 13. Rf3 f6 14. Ng4 Nf5 15. Be1 e5 16. Rh3 g6 17. Nxe4 dxe4 18. Bc4+ Kg7 19. dxe5 fxe5 20. fxe5 Bxe5 21. Nxe5 Rfd8 22. Qg4 Qxe5 23. Qg5 Re8 24. Rd1 Re7 25. Bg3 Qf6 26. Rxh7+ 1-0

[Event "SLO-chT1 East"]
[Site "Slovenia"]
[Date "2017.10.01"]
[Round "3"]
[White "Kodric, Tilen"]
[Black "Zorko, Joze"]
[Result "1/2-1/2"]
[WhiteElo "2152"]
[BlackElo "2114"]
[PlyCount "55"]
[EventDate "2017.09.29"]
[EventType "team-tourn"]
[EventRounds "9"]
[EventCountry "SLO"]
[SourceTitle "EXT 2019"]
[Source "ChessBase"]
[SourceDate "2018.10.10"]
[SourceVersion "1"]
[SourceVersionDate "2018.10.10"]
[SourceQuality "1"]
[WhiteTeam "Maribor ZSK II"]
[BlackTeam "Celjski"]
[WhiteTeamCountry "SLO"]
[BlackTeamCountry "SLO"]

1. Nf3 d5 2. g3 Nf6 3. Bg2 Bf5 4. d3 h6 5. Nbd2 e6 6. 0-0 Be7 7. c4 c6 8. a3 a5 9. b3 0-0 10. Rb1 c5 11. Ne1 Nc6 12. Nc2 Qc7 13. Ne3 d4 14. Nxf5 exf5 15. Nf3 Ng4 16. h3 Nge5 17. Nxe5 Nxe5 18. e3 Rad8 19. Bd5 dxe3 20. fxe3 Nxc4 21. bxc4 Rxd5 22. cxd5 Qxg3+ 23. Kh1 Qxh3+ 24. Kg1 Qg3+ 25. Kh1 Qh3+ 26. Kg1 Qg3+ 27. Kh1 Qh3+ 28. Kg1 1/2-1/2

[Event "SLO-chT1 East"]
[Site "Slovenia"]
[Date "2016.11.26"]
[Round "8"]
[White "Zorko, Joze"]
[Black "Jusic, Zdenko"]
[Result "1/2-1/2"]
[WhiteElo "2113"]
[BlackElo "2254"]
[PlyCount "98"]
[EventDate "2016.09.23"]
[EventType "team-tourn"]
[EventRounds "9"]
[EventCountry "SLO"]
[SourceTitle "EXT 2019"]
[Source "ChessBase"]
[SourceDate "2018.10.10"]
[SourceVersion "1"]
[SourceVersionDate "2018.10.10"]
[SourceQuality "1"]
[WhiteTeam "Celjski"]
[BlackTeam "Zagorje ob Savi"]
[WhiteTeamCountry "SLO"]
[BlackTeamCountry "SLO"]

1. e4 e5 2. Nf3 d5 3. exd5 e4 4. Qe2 Nf6 5. Nc3 Qe7 6. Ng5 Bg4 7. f3 exf3 8. Nxf3 Bxf3 9. gxf3 Nbd7 10. Qxe7+ Bxe7 11. Bh3 Nb6 12. 0-0 Nbxd5 13. Nxd5 Nxd5 14. d4 c5 15. dxc5 Bxc5+ 16. Kh1 0-0 17. Bd2 Rad8 18. Rfe1 Bd4 19. c4 Nb6 20. Bb4 Rfe8 21. Be7 Bf2 22. Bxd8 Bxe1 23. Bxb6 axb6 24. Kg1 Bh4 25. Kf1 Re3 26. Bg2 f5 27. f4 g5 28. fxg5 f4 29. Bd5+ Kg7 30. Kg2 Kg6 31. Bf3 Bxg5 32. Rd1 Bf6 33. Rd2 Re7 34. Re2 Rg7 35. Kf1 Kf5 36. Be4+ Ke5 37. Bxh7+ Kd4 38. Re4+ Kc5 39. Rxf4 Bxb2 40. Bc2 Bd4 41. Bb3 Rg1+ 42. Ke2 Rg2+ 43. Kd3 Be5 44. Rf5 Kd6 45. Rh5 Bxh2 46. Rh6+ Kc7 47. Rh5 Bf4 48. Ke4 Bd6 49. Rd5 Re2+ 1/2-1/2

[Event "SLO-chT1 East"]
[Site "Slovenia"]
[Date "2016.11.11"]
[Round "4"]
[White "Ivanussa, Bogomir"]
[Black "Zorko, Joze"]
[Result "1/2-1/2"]
[WhiteElo "2145"]
[BlackElo "2113"]
[PlyCount "44"]
[EventDate "2016.09.23"]
[EventType "team-tourn"]
[EventRounds "9"]
[EventCountry "SLO"]
[SourceTitle "EXT 2019"]
[Source "ChessBase"]
[SourceDate "2018.10.10"]
[SourceVersion "1"]
[SourceVersionDate "2018.10.10"]
[SourceQuality "1"]
[WhiteTeam "Fram"]
[BlackTeam "Celjski"]
[WhiteTeamCountry "SLO"]
[BlackTeamCountry "SLO"]

1. e4 c5 2. Nf3 Nc6 3. Nc3 e5 4. g3 g6 5. Bg2 Bg7 6. d3 Nge7 7. Be3 d6 8. Qd2 Nd4 9. Nh4 Rb8 10. Nd1 Be6 11. c3 Ndc6 12. Bh6 0-0 13. 0-0 Qd7 14. Re1 f5 15. Bxg7 Kxg7 16. exf5 Nxf5 17. Nxf5+ Bxf5 18. Ne3 Be6 19. Nc2 Bf5 20. Ne3 Be6 21. Nc2 Bf5 22. Ne3 Be6 1/2-1/2

[Event "SLO-chT1 East"]
[Site "Slovenia"]
[Date "2015.11.27"]
[Round "7"]
[White "Zorko, Joze"]
[Black "Grilc, Andrej"]
[Result "1/2-1/2"]
[WhiteElo "2104"]
[BlackElo "2054"]
[PlyCount "50"]
[EventDate "2015.10.16"]
[EventType "team-tourn"]
[EventRounds "9"]
[EventCountry "SLO"]
[SourceTitle "EXT 2019"]
[Source "ChessBase"]
[SourceDate "2018.10.10"]
[SourceVersion "1"]
[SourceVersionDate "2018.10.10"]
[SourceQuality "1"]
[WhiteTeam "Celje"]
[BlackTeam "Milan Majcen Sevnica"]
[WhiteTeamCountry "SLO"]
[BlackTeamCountry "SLO"]

1. e4 c5 2. Nf3 d6 3. d4 cxd4 4. Nxd4 Nf6 5. Nc3 a6 6. f3 e5 7. Nb3 Be7 8. Be3 Be6 9. Qd2 Nbd7 10. 0-0-0 b5 11. g4 Nb6 12. g5 Nfd7 13. Kb1 b4 14. Nd5 Bxd5 15. exd5 a5 16. h4 Qc7 17. f4 a4 18. Nc1 Nc4 19. Bxc4 Qxc4 20. Qd3 Rc8 21. b3 Qc7 22. Qd2 Qc3 23. Qd3 Qc7 24. Qd2 Qc3 25. Qd3 Qc7 1/2-1/2

[Event "SLO-chT1 East"]
[Site "Slovenia"]
[Date "2015.10.16"]
[Round "1"]
[White "Coklin, Marko"]
[Black "Zorko, Joze"]
[Result "0-1"]
[WhiteElo "2214"]
[BlackElo "2104"]
[PlyCount "88"]
[EventDate "2015.10.16"]
[EventType "team-tourn"]
[EventRounds "9"]
[EventCountry "SLO"]
[SourceTitle "EXT 2019"]
[Source "ChessBase"]
[SourceDate "2018.10.10"]
[SourceVersion "1"]
[SourceVersionDate "2018.10.10"]
[SourceQuality "1"]
[WhiteTeam "Radenska Pomgrad II"]
[BlackTeam "Celje"]
[WhiteTeamCountry "SLO"]
[BlackTeamCountry "SLO"]

1. d4 d5 2. c4 e6 3. Nf3 Nf6 4. Nc3 Bb4 5. Bg5 Nbd7 6. cxd5 exd5 7. e3 c5 8. a3 Bxc3+ 9. bxc3 Qa5 10. Bxf6 Nxf6 11. Qb3 0-0 12. Be2 Ne4 13. Rc1 Be6 14. 0-0 c4 15. Qb2 Rab8 16. Nd2 Nxd2 17. Qxd2 b5 18. Ra1 Qc7 19. Rfb1 a5 20. Bd1 Rb7 21. Bc2 Rfb8 22. Qe1 g6 23. f3 Qd6 24. Qg3 Qe7 25. h4 Kg7 26. e4 b4 27. axb4 axb4 28. cxb4 Rxb4 29. Rxb4 Rxb4 30. Re1 Qd7 31. e5 Bf5 32. Re2 Bxc2 33. Rxc2 Qf5 34. Qg5 Qxg5 35. hxg5 Rb1+ 36. Kf2 Rd1 37. e6 fxe6 38. Ra2 Rxd4 39. Ra7+ Kg8 40. Ke3 e5 41. g3 Rd3+ 42. Ke2 d4 43. f4 Rxg3 44. fxe5 Re3+ 0-1

[Event "SLO-chT1 East"]
[Site "Celje"]
[Date "2014.10.12"]
[Round "5"]
[White "Zorko, Joze"]
[Black "Cmor, Nino"]
[Result "1-0"]
[WhiteElo "2133"]
[BlackElo "1956"]
[PlyCount "75"]
[EventDate "2014.10.09"]
[EventType "team-tourn"]
[EventRounds "9"]
[EventCountry "SLO"]
[SourceTitle "EXT 2019"]
[Source "ChessBase"]
[SourceDate "2018.10.10"]
[SourceVersion "1"]
[SourceVersionDate "2018.10.10"]
[SourceQuality "1"]
[WhiteTeam "Celje"]
[BlackTeam "Radenska Pomgrad II"]
[WhiteTeamCountry "SLO"]
[BlackTeamCountry "SLO"]

1. e4 c5 2. Nf3 d6 3. d4 cxd4 4. Nxd4 Nf6 5. Nc3 a6 6. f3 e5 7. Nb3 Be7 8. Be3 Be6 9. Qd2 0-0 10. 0-0-0 Nbd7 11. g4 b5 12. g5 b4 13. Ne2 Ne8 14. f4 a5 15. f5 Bxb3 16. cxb3 a4 17. bxa4 Rxa4 18. Kb1 Rxa2 19. Nc1 Ra8 20. Bc4 Qb8 21. Rhg1 Kh8 22. f6 gxf6 23. g6 fxg6 24. Rxg6 hxg6 25. Ba7 Kg7 26. Bxb8 Rxb8 27. Rg1 Nc7 28. Ne2 Nb6 29. Bb3 d5 30. Ng3 Nc4 31. Bxc4 dxc4 32. Nf5+ Kf7 33. Rxg6 Ne6 34. Qh6 Ke8 35. Qh7 Bc5 36. Ng7+ Nxg7 37. Rxg7 Rb6 38. Qf5 1-0

[Event "SLO-chT1 East"]
[Site "Celje"]
[Date "2014.10.10"]
[Round "2"]
[White "Zorko, Joze"]
[Black "Sorcnik, Klemen"]
[Result "1-0"]
[WhiteElo "2133"]
[BlackElo "2041"]
[PlyCount "73"]
[EventDate "2014.10.09"]
[EventType "team-tourn"]
[EventRounds "9"]
[EventCountry "SLO"]
[SourceTitle "EXT 2019"]
[Source "ChessBase"]
[SourceDate "2018.10.10"]
[SourceVersion "1"]
[SourceVersionDate "2018.10.10"]
[SourceQuality "1"]
[WhiteTeam "Celje"]
[BlackTeam "Slovenska Bistrica Impol"]
[WhiteTeamCountry "SLO"]
[BlackTeamCountry "SLO"]

1. e4 e5 2. Nf3 Nc6 3. d4 exd4 4. Nxd4 Bc5 5. Nb3 Bb6 6. Qe2 Qe7 7. Nc3 d6 8. Be3 Nf6 9. f3 Be6 10. 0-0-0 h6 11. Kb1 Bxe3 12. Qxe3 a5 13. Nd4 0-0 14. g4 Nd7 15. h4 Nb6 16. Qg1 Nxd4 17. Qxd4 Rfd8 18. Qe3 a4 19. a3 Bc4 20. Bxc4 Nxc4 21. Qd4 Nb6 22. f4 c5 23. Qf2 Nc4 24. g5 h5 25. Qe2 b5 26. Nd5 Qb7 27. Qxh5 b4 28. axb4 Ne3 29. Nxe3 Qxb4 30. Nd5 Qb7 31. Nf6+ Kf8 32. Qh8+ Ke7 33. Qxg7 Rf8 34. e5 Rab8 35. exd6+ Ke6 36. Rhe1+ Kf5 37. Qh7+ 1-0

[Event "SLO-chT1 East"]
[Site "Sentjur"]
[Date "2013.10.19"]
[Round "3"]
[White "Zorko, Joze"]
[Black "Smon, Gregor"]
[Result "1/2-1/2"]
[WhiteElo "2140"]
[BlackElo "2012"]
[PlyCount "55"]
[EventDate "2013.10.17"]
[EventType "team-tourn"]
[EventRounds "9"]
[EventCountry "SLO"]
[SourceTitle "EXT 2015"]
[Source "ChessBase"]
[SourceDate "2014.11.20"]
[SourceVersion "1"]
[SourceVersionDate "2014.11.20"]
[SourceQuality "1"]

1. e4 e5 2. Nf3 Nc6 3. d4 exd4 4. Nxd4 Nf6 5. Nxc6 bxc6 6. e5 Qe7 7. Qe2 Nd5 8. c4 Ba6 9. b3 g6 10. g3 Bg7 11. Bb2 0-0-0 12. Bg2 d6 13. 0-0 dxe5 14. Qe1 Nb6 15. Qa5 Bb7 16. Qxa7 f5 17. a4 e4 18. Bxg7 Qxg7 19. Ra2 c5 20. a5 Nd7 21. Na3 Qf6 22. f3 e3 23. Nb5 Qa6 24. f4 Qxa7 25. Nxa7+ Kb8 26. Nb5 Bxg2 27. Kxg2 Nf6 28. Re2 1/2-1/2

[Event "SLO-chT1 East"]
[Site "Sentjur"]
[Date "2013.10.17"]
[Round "1"]
[White "Zorko, Joze"]
[Black "Serdt, Simon"]
[Result "1/2-1/2"]
[WhiteElo "2140"]
[BlackElo "2235"]
[PlyCount "31"]
[EventDate "2013.10.17"]
[EventType "team-tourn"]
[EventRounds "9"]
[EventCountry "SLO"]
[SourceTitle "EXT 2015"]
[Source "ChessBase"]
[SourceDate "2014.11.20"]
[SourceVersion "1"]
[SourceVersionDate "2014.11.20"]
[SourceQuality "1"]

1. e4 c5 2. Nf3 Nc6 3. d4 cxd4 4. Nxd4 Qc7 5. Nc3 e6 6. Be3 a6 7. Qd2 Nxd4 8. Qxd4 b5 9. 0-0-0 Bb7 10. Kb1 Bc6 11. Be2 Nf6 12. Bf3 e5 13. Qd3 Be7 14. g4 d6 15. Bg5 Nd7 16. Bxe7 1/2-1/2

[Event "SLO-chT1 East"]
[Site "Celje"]
[Date "2008.12.20"]
[Round "7"]
[White "Zorko, Joze"]
[Black "Titan, Matej"]
[Result "1-0"]
[WhiteElo "2112"]
[BlackElo "1852"]
[PlyCount "67"]
[EventDate "2008.11.20"]
[EventType "team-tourn"]
[EventRounds "9"]
[EventCountry "SLO"]
[SourceTitle "EXT 2010"]
[Source "ChessBase"]
[SourceDate "2010.11.25"]
[SourceVersion "1"]
[SourceVersionDate "2010.11.25"]
[SourceQuality "1"]

1. e4 c5 2. Nf3 Nc6 3. d4 cxd4 4. Nxd4 Nf6 5. Nc3 e5 6. Ndb5 d6 7. Bg5 a6 8. Na3 b5 9. Nd5 Be7 10. Bxf6 Bxf6 11. c3 Bg5 12. Nc2 Ne7 13. h4 Bh6 14. a4 bxa4 15. Ncb4 0-0 16. Qxa4 a5 17. Bb5 Nxd5 18. Nxd5 Be6 19. Bc6 Rb8 20. b4 axb4 21. cxb4 Bxd5 22. Bxd5 Qb6 23. Rb1 Qd4 24. 0-0 Bd2 25. Qd7 Rxb4 26. Qxd6 g6 27. Qf6 Rxb1 28. Rxb1 Bh6 29. Rb8 Qa7 30. Rb7 Qa1+ 31. Kh2 Bg7 32. Qe7 Qa6 33. Bxf7+ Kh8 34. Be6 1-0

[Event "SLO-chT1 East"]
[Site "Celje"]
[Date "2008.11.20"]
[Round "1"]
[White "Studnicka, Tomas"]
[Black "Zorko, Joze"]
[Result "1/2-1/2"]
[WhiteElo "2283"]
[BlackElo "2112"]
[PlyCount "23"]
[EventDate "2008.11.20"]
[EventType "team-tourn"]
[EventRounds "9"]
[EventCountry "SLO"]
[SourceTitle "EXT 2010"]
[Source "ChessBase"]
[SourceDate "2010.11.25"]
[SourceVersion "1"]
[SourceVersionDate "2010.11.25"]
[SourceQuality "1"]

1. e4 c5 2. Nf3 d6 3. d4 cxd4 4. Nxd4 Nf6 5. Nc3 Nc6 6. Be2 e6 7. Be3 Be7 8. 0-0 0-0 9. Qd2 a6 10. Rad1 Qc7 11. Nxc6 Qxc6 12. Bf3 1/2-1/2

[Event "SLO-chT1 East"]
[Site "Celje"]
[Date "2007.11.21"]
[Round "9"]
[White "Zorko, Joze"]
[Black "Zeljko, Jure"]
[Result "1/2-1/2"]
[WhiteElo "2110"]
[BlackElo "1872"]
[PlyCount "39"]
[EventDate "2007.11.11"]
[EventType "team-tourn"]
[EventRounds "9"]
[EventCountry "SLO"]
[SourceTitle "EXT 2010"]
[Source "ChessBase"]
[SourceDate "2010.11.25"]
[SourceVersion "1"]
[SourceVersionDate "2010.11.25"]
[SourceQuality "1"]

1. e4 c5 2. Nf3 Nc6 3. d4 cxd4 4. Nxd4 Qc7 5. Nc3 e6 6. Be3 a6 7. Qd2 Nf6 8. 0-0-0 b5 9. f3 Bb7 10. g4 d6 11. Nxc6 Bxc6 12. Kb1 Be7 13. h4 0-0 14. h5 Nd7 15. g5 Ne5 16. Qg2 f5 17. gxf6 Bxf6 18. Bd3 Nxd3 19. cxd3 d5 20. Ne2 1/2-1/2

[Event "SLO-chT1 East"]
[Site "Celje"]
[Date "2007.11.09"]
[Round "2"]
[White "Zorko, Joze"]
[Black "Vida, Evgen"]
[Result "1/2-1/2"]
[WhiteElo "2110"]
[BlackElo "1967"]
[PlyCount "44"]
[EventDate "2007.11.11"]
[EventType "team-tourn"]
[EventRounds "9"]
[EventCountry "SLO"]
[SourceTitle "EXT 2010"]
[Source "ChessBase"]
[SourceDate "2010.11.25"]
[SourceVersion "1"]
[SourceVersionDate "2010.11.25"]
[SourceQuality "1"]

1. e4 e5 2. Nf3 Nc6 3. d4 exd4 4. Nxd4 Bc5 5. Be3 Qf6 6. Nb5 Bxe3 7. fxe3 Kd8 8. N1c3 Nge7 9. Qd2 a6 10. Nd4 d6 11. 0-0-0 Be6 12. Be2 g6 13. Rhf1 Qe5 14. Nf3 Qa5 15. Kb1 h6 16. a3 Kc8 17. Nd4 Qe5 18. Nxe6 fxe6 19. Rf7 Kb8 20. Rdf1 Ka7 21. Bd3 Rae8 22. Qf2 Nd8 1/2-1/2

[Event "SLO-chT1 East"]
[Site "Celje"]
[Date "2006.11.12"]
[Round "9"]
[White "Zorko, Joze"]
[Black "Vidic, Branko"]
[Result "1/2-1/2"]
[WhiteElo "2113"]
[BlackElo "1946"]
[PlyCount "82"]
[EventDate "2006.11.04"]
[EventType "team"]
[EventRounds "9"]
[EventCountry "SLO"]
[SourceTitle "EXT 2008"]
[Source "ChessBase"]
[SourceDate "2007.11.25"]
[SourceVersion "1"]
[SourceVersionDate "2007.11.25"]
[SourceQuality "1"]

1. e4 c5 2. Nf3 d6 3. d4 cxd4 4. Nxd4 Nf6 5. Nc3 a6 6. f3 e6 7. Be3 Be7 8. Qd2 Nc6 9. 0-0-0 0-0 10. g4 Nxd4 11. Bxd4 b5 12. h4 Bb7 13. g5 Nd7 14. Kb1 Ne5 15. Qf2 Nd7 16. Bd3 Qc7 17. a3 Rab8 18. Ba7 Rbc8 19. Be3 d5 20. Na2 dxe4 21. Bxe4 Bxe4 22. fxe4 a5 23. Rh3 b4 24. axb4 axb4 25. Nc1 Nc5 26. e5 Ne4 27. Qg2 Qb7 28. Qe2 Rc3 29. Rd3 Ra8 30. bxc3 bxc3+ 31. Nb3 Qa6 32. Rd8+ Bxd8 33. Qxa6 Rxa6 34. Bd4 Rc6 35. Re3 Nd2+ 36. Nxd2 cxd2 37. Rd3 Ba5 38. c3 g6 39. Kc2 Kf8 40. Rxd2 Ke8 41. Kd3 Kd7 1/2-1/2

[Event "SLO-chT 14th"]
[Site "Celje"]
[Date "2004.11.30"]
[Round "2"]
[White "Zorko, Joze"]
[Black "Bohak, Janko"]
[Result "1/2-1/2"]
[WhiteElo "2102"]
[BlackElo "2161"]
[PlyCount "54"]
[EventDate "2004.11.29"]
[EventType "team-tourn"]
[EventRounds "9"]
[EventCountry "SLO"]
[SourceTitle "CBM 103 Extra"]
[Source "ChessBase"]
[SourceDate "2005.01.01"]
[SourceVersion "1"]
[SourceVersionDate "2005.01.01"]
[SourceQuality "1"]
[WhiteTeam "Grize"]
[BlackTeam "Ptuj Veplas Velenje"]
[WhiteTeamCountry "SLO"]
[BlackTeamCountry "SLO"]

1. e4 e6 2. d4 d5 3. Nd2 c5 4. exd5 Qxd5 5. Ngf3 cxd4 6. Bc4 Qd6 7. Qe2 Nf6 8. Nb3 Nc6 9. Bg5 Be7 10. 0-0-0 0-0 11. Nbxd4 Nxd4 12. Nxd4 Qc5 13. h4 a6 14. Kb1 Rd8 15. Nf3 Rxd1+ 16. Rxd1 b5 17. Bd3 Bb7 18. Ne5 Rd8 19. Bxf6 Bxf6 20. Bxh7+ Kxh7 21. Qh5+ Kg8 22. Qxf7+ Kh7 23. Qg6+ Kg8 24. Rxd8+ Bxd8 25. Qxe6+ Kh7 26. Qg6+ Kg8 27. Qf7+ Kh7 1/2-1/2

[Event "SLO-chT"]
[Site "Celje"]
[Date "2003.11.21"]
[Round "7"]
[White "Jeric, Simon"]
[Black "Zorko, Joze"]
[Result "1-0"]
[WhiteElo "2290"]
[BlackElo "2121"]
[PlyCount "81"]
[EventDate "2003.11.17"]
[EventType "team-swiss"]
[EventRounds "9"]
[EventCountry "SLO"]
[SourceTitle "CBM 097 Extra"]
[Source "ChessBase"]
[SourceDate "2004.01.13"]
[SourceVersion "1"]
[SourceVersionDate "2004.01.13"]
[SourceQuality "1"]

1. e4 c5 2. c3 Nf6 3. e5 Nd5 4. d4 cxd4 5. Nf3 Nc6 6. cxd4 d6 7. Bc4 Nb6 8. Bb3 dxe5 9. d5 Na5 10. Nc3 Nxb3 11. Qxb3 e6 12. dxe6 Bxe6 13. Qb5+ Qd7 14. Qxe5 Bd6 15. Qxg7 0-0-0 16. Bg5 Bc4 17. 0-0-0 Rhg8 18. Qd4 Rxg5 19. Nxg5 Qf5 20. Nh3 Rd7 21. Rhe1 Kc7 22. Qe4 Qa5 23. Qc2 Be6 24. Re4 Kb8 25. Red4 Nc4 26. Qa4 Qc5 27. Ne4 Qc7 28. Kb1 Na3+ 29. bxa3 Qb6+ 30. Kc2 Rc7+ 31. Kd3 Bd7 32. Qb3 Bb5+ 33. Ke3 Be5 34. a4 Qh6+ 35. f4 Bxd4+ 36. Rxd4 Bd7 37. Qd3 Bxh3 38. gxh3 Qxh3+ 39. Ng3 Qe6+ 40. Qe4 Qc6 41. Qd5 1-0

[Event "SLO-chT"]
[Site "Celje"]
[Date "2003.11.17"]
[Round "2"]
[White "Jelen, Igor"]
[Black "Zorko, Joze"]
[Result "1-0"]
[WhiteElo "2374"]
[BlackElo "2121"]
[PlyCount "67"]
[EventDate "2003.11.17"]
[EventType "team-swiss"]
[EventRounds "9"]
[EventCountry "SLO"]
[SourceTitle "CBM 097 Extra"]
[Source "ChessBase"]
[SourceDate "2004.01.13"]
[SourceVersion "1"]
[SourceVersionDate "2004.01.13"]
[SourceQuality "1"]

1. d4 Nf6 2. c4 c5 3. d5 b5 4. cxb5 a6 5. bxa6 Bxa6 6. Nc3 g6 7. g3 d6 8. Bg2 Bg7 9. Nf3 Nbd7 10. Rb1 Nb6 11. b3 0-0 12. 0-0 Ra7 13. Re1 Qa8 14. e4 Ng4 15. Bb2 Bc8 16. a4 f5 17. Nb5 fxe4 18. Nxa7 Qxa7 19. Bxg7 Kxg7 20. Ng5 Nxf2 21. Qd2 Nxd5 22. Nxe4 Nd3 23. Rf1 c4+ 24. Kh1 Ne3 25. Rxf8 Kxf8 26. bxc4 Ne5 27. Qf2+ Bf5 28. c5 N3g4 29. Qb2 Kg8 30. Qb8+ Qxb8 31. Rxb8+ Kg7 32. Nc3 dxc5 33. a5 Bd7 34. h3 1-0

[Event "SLO-chT 12th"]
[Site "Bled"]
[Date "2002.11.23"]
[Round "8"]
[White "Barle, Janez"]
[Black "Zorko, Joze"]
[Result "1-0"]
[WhiteElo "2350"]
[BlackElo "2070"]
[PlyCount "39"]
[EventDate "2002.11.18"]
[EventType "team-tourn"]
[EventRounds "9"]
[EventCountry "SLO"]
[SourceTitle "EXT 2005"]
[Source "ChessBase"]
[SourceDate "2004.11.15"]
[SourceVersion "1"]
[SourceVersionDate "2004.11.15"]
[SourceQuality "1"]
[WhiteTeam "Maribor SK Piramida"]
[BlackTeam "Grize"]
[WhiteTeamCountry "SLO"]
[BlackTeamCountry "SLO"]

1. Nf3 c5 2. e4 e6 3. Nc3 Nc6 4. Bb5 Nge7 5. 0-0 a6 6. Bxc6 Nxc6 7. d4 cxd4 8. Nxd4 Qc7 9. Be3 Na5 10. a4 Nc4 11. Bc1 Be7 12. b3 Ne5 13. Bb2 b6 14. Nf5 Bf8 15. Re1 Bb7 16. Nd5 Bxd5 17. exd5 d6 18. dxe6 fxe6 19. Nd4 Qf7 20. f4 1-0

[Event "SLO-chT 12th"]
[Site "Bled"]
[Date "2002.11.23"]
[Round "9"]
[White "Zorko, Joze"]
[Black "Roskar, Robert"]
[Result "1-0"]
[WhiteElo "2070"]
[BlackElo "2297"]
[PlyCount "69"]
[EventDate "2002.11.18"]
[EventType "team-tourn"]
[EventRounds "9"]
[EventCountry "SLO"]
[SourceTitle "EXT 2005"]
[Source "ChessBase"]
[SourceDate "2004.11.15"]
[SourceVersion "1"]
[SourceVersionDate "2004.11.15"]
[SourceQuality "1"]
[WhiteTeam "Grize"]
[BlackTeam "Ptuj"]
[WhiteTeamCountry "SLO"]
[BlackTeamCountry "SLO"]

1. e4 c5 2. Nf3 Nc6 3. d4 cxd4 4. Nxd4 g6 5. Nc3 Bg7 6. Be3 Nf6 7. Bc4 Qa5 8. 0-0 0-0 9. Bb3 d6 10. h3 Bd7 11. f4 Qh5 12. Nf3 b5 13. a3 a5 14. Qd3 b4 15. Ne2 a4 16. Bd5 Bh8 17. Ng3 Qh6 18. Rae1 Rfb8 19. e5 Nxd5 20. Qxd5 Qf8 21. Ne4 Ra5 22. Qd2 Be6 23. axb4 Rxb4 24. Nd4 Rd5 25. c3 Rc4 26. Qe2 Nxd4 27. Qxc4 Nc2 28. Re2 Nxe3 29. Rxe3 dxe5 30. Ng5 Qc8 31. Qxc8+ Bxc8 32. fxe5 Bxe5 33. Nxf7 Bc7 34. Nh6+ Kg7 35. Ng4 1-0

[Event "SLO-chT 12th"]
[Site "Bled"]
[Date "2002.11.21"]
[Round "5"]
[White "Kastelic, Marian"]
[Black "Zorko, Joze"]
[Result "1-0"]
[WhiteElo "2305"]
[BlackElo "2070"]
[PlyCount "47"]
[EventDate "2002.11.18"]
[EventType "team-tourn"]
[EventRounds "9"]
[EventCountry "SLO"]
[SourceTitle "EXT 2005"]
[Source "ChessBase"]
[SourceDate "2004.11.15"]
[SourceVersion "1"]
[SourceVersionDate "2004.11.15"]
[SourceQuality "1"]
[WhiteTeam "Maribor Branik"]
[BlackTeam "Grize"]
[WhiteTeamCountry "SLO"]
[BlackTeamCountry "SLO"]

1. e4 c5 2. Nf3 e6 3. d4 cxd4 4. Nxd4 Nf6 5. Bd3 Nc6 6. Nxc6 bxc6 7. 0-0 d5 8. e5 Nd7 9. Re1 Nc5 10. Nc3 Nxd3 11. cxd3 c5 12. Bf4 g6 13. Rc1 Bd7 14. Qd2 h6 15. Nd1 g5 16. Bg3 h5 17. f3 d4 18. b4 cxb4 19. Nf2 Be7 20. Ne4 0-0 21. h4 Kg7 22. Nf6 Rh8 23. Qxg5+ Kf8 24. Bf4 1-0